ESSENTIAL CLINICAL GLOBAL HEALTH (Record no. 18597)

MARC details
000 -LEADER
fixed length control field 00419nam a22001697a 4500
003 - CONTROL NUMBER IDENTIFIER
control field OSt
005 - DATE AND TIME OF LATEST TRANSACTION
control field 20211117091711.0
008 - FIXED-LENGTH DATA ELEMENTS--GENERAL INFORMATION
fixed length control field 211117b |||||||| |||| 00| 0 eng d
020 ## - INTERNATIONAL STANDARD BOOK NUMBER
International Standard Book Number 978-1-118-63844-6
040 ## - CATALOGING SOURCE
Original cataloging agency DDC
Transcribing agency HU
082 ## - DEWEY DECIMAL CLASSIFICATION NUMBER
Edition number 1ST
Classification number 616
Item number 5
100 ## - MAIN ENTRY--PERSONAL NAME
Personal name NELSON BRETT D.
9 (RLIN) 18780
245 ## - TITLE STATEMENT
Title ESSENTIAL CLINICAL GLOBAL HEALTH
250 ## - EDITION STATEMENT
Edition statement 1ST
260 ## - PUBLICATION, DISTRIBUTION, ETC.
Place of publication, distribution, etc. UK
Name of publisher, distributor, etc. WILEY BLACKWELL
Date of publication, distribution, etc. 2015
942 ## - ADDED ENTRY ELEMENTS (KOHA)
Source of classification or shelving scheme Dewey Decimal Classification
Koha item type Books like text book referance book
Suppress in OPAC No
Holdings
Withdrawn status Lost status Source of classification or shelving scheme Damaged status Not for loan Home library Current library Date acquired Total Checkouts Full call number Barcode Date last seen Copy number Price effective from Koha item type
    Dewey Decimal Classification     College of Medicine and Health’s Sciences Library College of Medicine and Health’s Sciences Library 11/17/2021   616-ESS-2015 CHMSL00004794 11/17/2021 1 11/17/2021 Books like text book referance book
    Dewey Decimal Classification     College of Medicine and Health’s Sciences Library College of Medicine and Health’s Sciences Library 11/17/2021   616-ESS-2015 CHMSL00004795 11/17/2021 2 11/17/2021 Books like text book referance book
    Dewey Decimal Classification     College of Medicine and Health’s Sciences Library College of Medicine and Health’s Sciences Library 11/17/2021   616-ESS-2015 CHMSL00004796 11/17/2021 3 11/17/2021 Books like text book referance book
    Dewey Decimal Classification     College of Medicine and Health’s Sciences Library College of Medicine and Health’s Sciences Library 11/17/2021   616-ESS-2015 CHMSL00004797 11/17/2021 4 11/17/2021 Books like text book referance book
    Dewey Decimal Classification     College of Medicine and Health’s Sciences Library College of Medicine and Health’s Sciences Library 11/17/2021   616-ESS-2015 CHMSL00004798 11/17/2021 5 11/17/2021 Books like text book referance book